000 00615nam a22001937a 4500
005 20240530110930.0
008 220214s2005 ua g 000 p ara d
017 _bمصر. دار الكتب
_a2005/5732
040 _aEG-CaGPL
_cEG-CaGPL
082 0 4 _221
_a811.09/
_bع م
100 0 _aعبدالله باشراحيل
245 1 0 _aالمصابيح /
_cعبدالله باشراحيل
250 _aط. 2
260 _aالقاهرة :
_bوكالة الاهرام للتوزيع ،
_c2005
300 _a146 ص. ؛
_c20 سم
650 0 7 _2qrmak
_aالشعر العربى
651 _2qrmak
942 _2ddc
_cBK
999 _c66639
_d66639